000 00644cam a22002413a 4500
001 20269
003 PGUSA
005 20140828083429.0
008 070105s2007||||xxu|||||s|||||000 | eng d
040 _aPGUSA
_beng
042 _adc
050 4 _aBF
100 1 _aHuxley, Thomas Henry,
_d1825-1895
245 1 0 _aHas a Frog a Soul?
_h[electronic resource] /
_cThomas Henry Huxley
260 _bProject Gutenberg,
_c2007
506 _aPublic domain in the USA.
516 _aElectronic text
653 _aSoul
653 _aAnimals
830 0 _aProject Gutenberg
_v20269
856 4 0 _uhttp://www.gutenberg.org/ebooks/20269
942 _cEB
999 _c249524
_d249524